[Event "Russian Higher League 2021"]
[Site "?"]
[Date "2021.06.27"]
[Round "2.20"]
[White "Kezin, Roman"]
[Black "Rudovskii, Filipp"]
[Result "1-0"]
[WhiteElo "2486"]
[BlackElo "2260"]
[Annotator ""]
[Source ""]
[Remark ""]

1.Nf3 {[%clk 1:30:58]} Nf6 {[%clk 1:30:54]} 2.c4 {[%clk 1:31:22]}
e6 {[%clk 1:31:19]} 3.Nc3 {[%clk 1:30:51]} d5 {[%clk 1:31:44]}
4.e3 {[%clk 1:31:18]} c5 {[%clk 1:29:51]} 5.d4 {[%clk 1:31:29]}
Nc6 {[%clk 1:30:01]} 6.a3 {[%clk 1:31:16]} dxc4 {[%clk 1:27:15]}
7.Bxc4 {[%clk 1:31:41]} cxd4 {[%clk 1:27:41]} 8.exd4 {[%clk 1:32:03]}
Be7 {[%clk 1:28:00]} 9.O-O {[%clk 1:32:04]} O-O {[%clk 1:28:18]}
10.Re1 {[%clk 1:22:34]} b6 {[%clk 1:20:05]} 11.Bg5 {[%clk 0:38:28]}
Bb7 {[%clk 1:14:14]} 12.Qd3 {[%clk 0:38:49]} h6 {[%clk 1:05:46]}
13.Bf4 {[%clk 0:36:14]} Nh5 {[%clk 0:52:37]} 14.Bd2 {[%clk 0:26:28]}
Bf6 {[%clk 0:43:16]} 15.g4 {[%clk 0:19:25]} Nxd4 {[%clk 0:34:54]}
16.Nxd4 {[%clk 0:19:03]} Bxd4 {[%clk 0:35:20]} 17.gxh5 {[%clk 0:17:21]}
Qh4 {[%clk 0:15:02]} 18.Qg3 {[%clk 0:15:07]} Bxf2+ {[%clk 0:15:09]}
19.Kxf2 {[%clk 0:14:43]} Qxc4 {[%clk 0:15:17]} 20.Rg1 {[%clk 0:10:21]}
Qd4+ {[%clk 0:05:52]} 21.Be3 {[%clk 0:10:36]} Qf6+ {[%clk 0:06:14]}
22.Qf4 {[%clk 0:10:58]} Qxf4+ {[%clk 0:06:32]} 23.Bxf4 {[%clk 0:11:24]}
Kh7 {[%clk 0:06:17]} 24.Rad1 {[%clk 0:11:41]} Bc6 {[%clk 0:06:15]}
25.Rd6 {[%clk 0:11:29]} Rac8 {[%clk 0:06:32]} 26.Rc1 {[%clk 0:09:19]}
Rfe8 {[%clk 0:06:26]} 27.Ne2 {[%clk 0:09:07]} Ba4 {[%clk 0:06:51]}
28.Rd4 {[%clk 0:06:40]} Rxc1 {[%clk 0:06:20]} 29.Bxc1 {[%clk 0:06:27]}
Bb5 {[%clk 0:05:56]} 30.Nc3 {[%clk 0:06:52]} Bc6 {[%clk 0:06:24]}
31.Rc4 {[%clk 0:07:17]} Rc8 {[%clk 0:06:25]} 32.Nb5 {[%clk 0:07:39]}
Bd7 {[%clk 0:06:36]} 33.Rxc8 {[%clk 0:07:53]} Bxc8 {[%clk 0:07:04]}
34.Nd6 {[%clk 0:08:08]} Bd7 {[%clk 0:07:09]} 35.Nxf7 {[%clk 0:08:33]}
Be8 {[%clk 0:07:34]} 36.Nd6 {[%clk 0:08:44]} Bxh5 {[%clk 0:08:01]}
37.Be3 {[%clk 0:07:09]} g5 {[%clk 0:07:09]} 38.Nc8 {[%clk 0:07:14]}
Be8 {[%clk 0:07:33]} 39.Nxa7 {[%clk 0:07:26]} b5 {[%clk 0:07:58]}
40.Nc8 {[%clk 0:37:50]} Kg6 {[%clk 0:37:55]} 41.Nd6 {[%clk 0:38:18]}
Bc6 {[%clk 0:38:20]} 42.Bd4 {[%clk 0:38:38]} h5 {[%clk 0:38:43]}
43.Kg3 {[%clk 0:34:27]} Bd7 {[%clk 0:37:26]} 44.Be5 {[%clk 0:34:49]}
Bc6 {[%clk 0:37:46]} 45.b4 {[%clk 0:34:05]} Bd7 {[%clk 0:38:08]}
46.a4 {[%clk 0:34:02]} bxa4 {[%clk 0:37:59]} 47.b5 {[%clk 0:34:24]}
a3 {[%clk 0:37:25]} 48.b6 {[%clk 0:34:41]} Bc6 {[%clk 0:37:53]}
49.b7 {[%clk 0:33:13]} Bxb7 {[%clk 0:38:19]} 50.Nxb7 {[%clk 0:33:39]}
Kf5 {[%clk 0:38:45]} 51.Ba1 {[%clk 0:33:14]} h4+ {[%clk 0:38:59]}
52.Kg2 {[%clk 0:33:09]} g4 {[%clk 0:35:38]} 53.Nd6+ {[%clk 0:24:01]}
Kf4 {[%clk 0:36:04]} 54.Nc4 {[%clk 0:23:55]} a2 {[%clk 0:36:19]}
55.Ne5 {[%clk 0:24:22]} Kf5 {[%clk 0:36:13]} 56.Nd3 {[%clk 0:24:44]}
Ke4 {[%clk 0:32:24]} 57.Nc1 {[%clk 0:24:55]} Kf4 {[%clk 0:32:38]}
58.Nxa2 {[%clk 0:25:09]} e5 {[%clk 0:32:25]} 59.Nb4 {[%clk 0:25:09]}
Kf5 {[%clk 0:32:17]} 60.Nd5 {[%clk 0:25:13]} g3 {[%clk 0:32:34]}
61.h3 {[%clk 0:25:35]} 1-0

[Event "Russian Higher League 2021"]
[Site "?"]
[Date "2021.06.27"]
[Round "2.21"]
[White "Nesterov, Arseniy"]
[Black "Gitelson, Arkady"]
[Result "1-0"]
[WhiteElo "2479"]
[BlackElo "2230"]
[Annotator ""]
[Source ""]
[Remark ""]

1.d4 {[%clk 1:30:59]} Nf6 {[%clk 1:30:57]} 2.c4 {[%clk 1:31:26]}
g6 {[%clk 1:31:24]} 3.Nc3 {[%clk 1:31:53]} Bg7 {[%clk 1:31:51]}
4.e4 {[%clk 1:32:19]} d6 {[%clk 1:32:20]} 5.Be2 {[%clk 1:32:43]}
O-O {[%clk 1:32:46]} 6.Be3 {[%clk 1:33:08]} e5 {[%clk 1:33:13]}
7.d5 {[%clk 1:33:34]} Na6 {[%clk 1:33:40]} 8.g4 {[%clk 1:33:59]}
Nc5 {[%clk 1:34:06]} 9.f3 {[%clk 1:34:25]} c6 {[%clk 1:34:02]}
10.h4 {[%clk 1:34:24]} cxd5 {[%clk 1:34:11]} 11.cxd5 {[%clk 1:34:50]}
h5 {[%clk 1:24:57]} 12.g5 {[%clk 1:34:59]} Nh7 {[%clk 1:25:18]}
13.Qd2 {[%clk 1:33:48]} Bd7 {[%clk 1:22:41]} 14.Nh3 {[%clk 1:21:35]}
a6 {[%clk 1:20:37]} 15.Nf2 {[%clk 1:09:24]} Rc8 {[%clk 1:15:06]}
16.Nd3 {[%clk 1:04:25]} Nxd3+ {[%clk 1:15:16]} 17.Bxd3 {[%clk 1:04:21]}
f6 {[%clk 1:13:56]} 18.gxf6 {[%clk 1:03:00]} Rxf6 {[%clk 1:13:47]}
19.Be2 {[%clk 0:58:22]} Qf8 {[%clk 1:08:36]} 20.Rg1 {[%clk 0:54:51]}
Be8 {[%clk 1:06:37]} 21.Rc1 {[%clk 0:53:23]} Bd7 {[%clk 0:50:47]}
22.Rg3 {[%clk 0:48:06]} b5 {[%clk 0:41:32]} 23.Nd1 {[%clk 0:47:03]}
Rxc1 {[%clk 0:39:54]} 24.Qxc1 {[%clk 0:46:50]} Qd8 {[%clk 0:40:17]}
25.a3 {[%clk 0:43:13]} Be8 {[%clk 0:37:36]} 26.Rg1 {[%clk 0:42:46]}
Rf7 {[%clk 0:36:35]} 27.Bf2 {[%clk 0:41:48]} Rc7 {[%clk 0:34:33]}
28.Qd2 {[%clk 0:42:17]} Rc8 {[%clk 0:34:15]} 29.Bf1 {[%clk 0:36:22]}
Nf8 {[%clk 0:28:01]} 30.Bh3 {[%clk 0:31:46]} Rb8 {[%clk 0:24:16]}
31.Ne3 {[%clk 0:22:50]} Kh7 {[%clk 0:22:42]} 32.Ke2 {[%clk 0:16:00]}
b4 {[%clk 0:11:00]} 33.axb4 {[%clk 0:16:14]} Bb5+ {[%clk 0:11:26]}
34.Ke1 {[%clk 0:16:25]} Qf6 {[%clk 0:11:00]} 35.Rg3 {[%clk 0:15:21]}
Bh6 {[%clk 0:07:49]} 36.Qc3 {[%clk 0:15:17]} Rb7 {[%clk 0:06:53]}
37.b3 {[%clk 0:13:15]} Bf4 {[%clk 0:05:00]} 38.Rg2 {[%clk 0:11:52]}
Bh6 {[%clk 0:04:55]} 39.Nc4 {[%clk 0:09:26]} Rf7 {[%clk 0:03:55]}
40.Ke2 {[%clk 0:39:08]} Nd7 {[%clk 0:32:40]} 41.Be6 {[%clk 0:38:11]}
Rf8 {[%clk 0:32:45]} 42.Rg3 {[%clk 0:31:32]} Rd8 {[%clk 0:23:55]}
43.Rg1 {[%clk 0:27:48]} Nf8 {[%clk 0:23:47]} 44.Bh3 {[%clk 0:28:12]}
Rb8 {[%clk 0:22:23]} 45.Kf1 {[%clk 0:28:12]} Rb7 {[%clk 0:21:56]}
46.Kg2 {[%clk 0:28:21]} Rf7 {[%clk 0:21:59]} 47.Bg3 {[%clk 0:26:34]}
Bd7 {[%clk 0:17:25]} 48.Bxd7 {[%clk 0:26:26]} Nxd7 {[%clk 0:17:54]}
49.Bf2 {[%clk 0:25:41]} Qe7 {[%clk 0:13:19]} 50.Kf1 {[%clk 0:22:15]}
Nf6 {[%clk 0:11:06]} 51.Qd3 {[%clk 0:17:34]} Qd7 {[%clk 0:10:25]}
52.Ke2 {[%clk 0:17:47]} Bf8 {[%clk 0:10:00]} 53.Ra1 {[%clk 0:16:05]}
Qh3 {[%clk 0:06:27]} 54.Rxa6 {[%clk 0:13:00]} Ng4 {[%clk 0:06:46]}
55.Ra7 {[%clk 0:12:48]} Be7 {[%clk 0:03:18]} 56.Rxe7 {[%clk 0:12:37]}
Rxe7 57.fxg4 {[%clk 0:12:59]} Qxg4+ {[%clk 0:04:16]} 58.Qf3 {[%clk 0:12:01]}
Qd7 {[%clk 0:04:41]} 59.Qf6 {[%clk 0:11:40]} Rf7 {[%clk 0:04:22]}
60.Qe6 {[%clk 0:12:02]} Qb7 {[%clk 0:04:30]} 61.Qxd6 {[%clk 0:11:07]}
Qa8 {[%clk 0:03:50]} 62.Qxe5 {[%clk 0:11:20]} Qa2+ {[%clk 0:03:52]}
63.Qb2 {[%clk 0:11:48]} Qa6 {[%clk 0:04:05]} 64.d6 {[%clk 0:11:45]}
Qb7 {[%clk 0:03:56]} 65.Qd4 {[%clk 0:11:58]} Qd7 {[%clk 0:03:59]}
66.Ne5 {[%clk 0:12:10]} Qb5+ {[%clk 0:04:26]} 67.Qc4 {[%clk 0:12:31]}
Rxf2+ {[%clk 0:04:40]} 68.Kxf2 {[%clk 0:12:59]} Qxe5 {[%clk 0:05:05]}
69.Qf7+ {[%clk 0:13:24]} Kh6 {[%clk 0:05:28]} 70.Qf8+ {[%clk 0:13:48]}
 1-0

[Event "Russian Higher League 2021"]
[Site "?"]
[Date "2021.06.27"]
[Round "2.22"]
[White "Ibadov, Dashgyn"]
[Black "Belyakov, Bogdan"]
[Result "1/2-1/2"]
[WhiteElo "2285"]
[BlackElo "2465"]
[Annotator ""]
[Source ""]
[Remark ""]

1.e4 {[%clk 1:30:57]} e5 {[%clk 1:30:54]} 2.Nf3 {[%clk 1:31:24]}
Nc6 {[%clk 1:31:19]} 3.d4 {[%clk 1:31:50]} exd4 {[%clk 1:31:45]}
4.Nxd4 {[%clk 1:32:17]} Nf6 {[%clk 1:32:10]} 5.Nxc6 {[%clk 1:32:40]}
bxc6 {[%clk 1:32:35]} 6.e5 {[%clk 1:33:05]} Qe7 {[%clk 1:33:02]}
7.Qe2 {[%clk 1:33:30]} Nd5 {[%clk 1:33:27]} 8.c4 {[%clk 1:32:38]}
Ba6 {[%clk 1:33:47]} 9.b3 {[%clk 1:32:15]} g6 {[%clk 1:34:04]}
10.g3 {[%clk 1:32:16]} Bg7 {[%clk 1:34:04]} 11.Bb2 {[%clk 1:32:36]}
O-O {[%clk 1:33:45]} 12.Bg2 {[%clk 1:32:55]} Rae8 {[%clk 1:30:17]}
13.O-O {[%clk 1:33:18]} Bxe5 {[%clk 1:27:25]} 14.Qxe5 {[%clk 1:33:39]}
Qxe5 {[%clk 1:27:43]} 15.Bxe5 {[%clk 1:34:05]} Rxe5 {[%clk 1:28:07]}
16.cxd5 {[%clk 1:34:33]} Bxf1 {[%clk 1:28:27]} 17.Kxf1 {[%clk 1:34:56]}
cxd5 {[%clk 1:28:26]} 18.Nc3 {[%clk 1:35:16]} c6 {[%clk 1:28:40]}
19.Rd1 {[%clk 1:35:33]} Rfe8 {[%clk 1:16:28]} 20.Bf3 {[%clk 1:35:53]}
Kf8 {[%clk 1:16:52]} 21.Ne2 {[%clk 1:36:10]} Ke7 {[%clk 1:13:00]}
22.Rd4 {[%clk 1:36:30]} Kd6 {[%clk 1:13:15]} 23.Ra4 {[%clk 1:36:50]}
Ra8 {[%clk 1:13:41]} 24.b4 {[%clk 1:35:54]} Kc7 {[%clk 1:10:47]}
25.Nd4 {[%clk 1:30:19]} Kb6 {[%clk 1:06:48]} 26.Nb3 {[%clk 1:25:29]}
d6 {[%clk 1:01:45]} 27.Be2 {[%clk 0:59:48]} a6 {[%clk 0:58:31]}
28.Ke1 {[%clk 0:47:25]} c5 {[%clk 0:52:53]} 29.Ra5 {[%clk 0:34:29]}
d4 {[%clk 0:43:40]} 30.f4 {[%clk 0:27:19]} Re7 {[%clk 0:32:51]}
31.Kd2 {[%clk 0:23:03]} Re3 {[%clk 0:29:09]} 32.Bd3 {[%clk 0:19:34]}
cxb4 {[%clk 0:23:25]} 33.Rd5 {[%clk 0:19:38]} Re6 {[%clk 0:20:59]}
34.Nxd4 {[%clk 0:17:40]} Re7 {[%clk 0:20:56]} 35.Nc2 {[%clk 0:16:31]}
a5 {[%clk 0:21:09]} 36.Ne3 {[%clk 0:14:10]} Kc7 {[%clk 0:14:41]}
37.Rd4 {[%clk 0:11:57]} Kd8 {[%clk 0:13:48]} 38.Nd5 {[%clk 0:05:23]}
Rb7 {[%clk 0:11:05]} 39.Bc4 {[%clk 0:03:59]} a4 {[%clk 0:09:36]}
40.Kc2 {[%clk 0:33:50]} b3+ {[%clk 0:39:22]} 41.axb3 {[%clk 0:32:55]}
axb3+ {[%clk 0:39:36]} 42.Bxb3 {[%clk 0:33:07]} Rc8+ {[%clk 0:38:44]}
43.Bc4 {[%clk 0:21:27]} Rcb8 {[%clk 0:36:38]} 44.Kc3 {[%clk 0:21:52]}
Rb2 {[%clk 0:35:22]} 45.Ne3 {[%clk 0:18:34]} Rxh2 {[%clk 0:34:45]}
46.Rxd6+ {[%clk 0:18:58]} Ke7 {[%clk 0:34:47]} 47.Ra6 {[%clk 0:18:33]}
Rb7 {[%clk 0:31:24]} 48.f5 {[%clk 0:18:00]} gxf5 {[%clk 0:29:54]}
49.Nxf5+ {[%clk 0:18:15]} Kd8 {[%clk 0:28:11]} 50.Kd4 {[%clk 0:16:30]}
Rf2 {[%clk 0:27:02]} 51.Ke5 {[%clk 0:16:12]} Rc7 {[%clk 0:23:50]}
52.Ra8+ {[%clk 0:16:04]} Rc8 {[%clk 0:24:15]} 53.Rxc8+ {[%clk 0:16:04]}
Kxc8 {[%clk 0:24:43]} 54.Bxf7 {[%clk 0:16:21]} Kd7 {[%clk 0:24:17]}
55.Kf6 {[%clk 0:15:13]} Rh2 {[%clk 0:23:36]} 56.g4 {[%clk 0:15:11]}
Rg2 {[%clk 0:20:39]} 57.g5 {[%clk 0:12:45]} Rh2 {[%clk 0:17:51]}
58.Bg8 {[%clk 0:03:26]} Ke8 {[%clk 0:18:03]} 59.Kg7 {[%clk 0:03:36]}
Rg2 {[%clk 0:18:01]} 60.Bf7+ {[%clk 0:03:20]} Kd7 {[%clk 0:17:50]}
61.Kh6 {[%clk 0:02:25]} Rh2+ {[%clk 0:17:07]} 62.Bh5 {[%clk 0:02:30]}
Rg2 {[%clk 0:12:48]} 63.Ne3 {[%clk 0:02:46]} Rg1 {[%clk 0:12:16]}
64.Bg4+ {[%clk 0:01:34]} Kd8 {[%clk 0:11:22]} 65.Bf5 {[%clk 0:00:39]}
Rh1+ {[%clk 0:11:32]} 66.Kg7 {[%clk 0:01:07]} Rh5 {[%clk 0:11:55]}
67.Kf6 {[%clk 0:01:32]} Ke8 {[%clk 0:12:12]} 68.Ng4 {[%clk 0:01:53]}
Kf8 {[%clk 0:12:23]} 69.Be6 {[%clk 0:01:51]} Rh1 {[%clk 0:11:56]}
70.Bc4 {[%clk 0:00:51]} Rh4 {[%clk 0:11:50]} 71.Be2 {[%clk 0:00:55]}
Kg8 {[%clk 0:12:05]} 72.Kf5 {[%clk 0:00:53]} Kg7 {[%clk 0:12:24]}
73.Nf6 {[%clk 0:01:12]} Rh2 {[%clk 0:12:05]} 74.Nh5+ {[%clk 0:01:34]}
Kh8 {[%clk 0:11:43]} 75.Bf3 {[%clk 0:01:32]} Rf2 {[%clk 0:12:08]}
76.Kg4 {[%clk 0:01:57]} Rf1 {[%clk 0:12:17]} 77.Be4 {[%clk 0:02:01]}
Rg1+ {[%clk 0:10:26]} 78.Kf5 {[%clk 0:02:22]} Rf1+ {[%clk 0:10:50]}
79.Ke5 {[%clk 0:02:43]} Re1 {[%clk 0:11:12]} 80.Nf6 {[%clk 0:02:36]}
Kg7 {[%clk 0:11:12]} 81.Kf4 {[%clk 0:02:26]} Rxe4+ {[%clk 0:11:05]}
82.Nxe4 {[%clk 0:02:24]} h6 {[%clk 0:11:30]} 83.gxh6+ {[%clk 0:02:52]}
Kxh6 {[%clk 0:11:54]} 1/2-1/2

[Event "Russian Higher League 2021"]
[Site "?"]
[Date "2021.06.27"]
[Round "2.23"]
[White "Tugarin, Anton"]
[Black "Samusenko, Maksim"]
[Result "1/2-1/2"]
[WhiteElo "2247"]
[BlackElo "2460"]
[Annotator ""]
[Source ""]
[Remark ""]

1.e4 {[%clk 1:30:43]} c5 {[%clk 1:30:46]} 2.Nf3 {[%clk 1:30:22]}
Nc6 {[%clk 1:31:02]} 3.c3 {[%clk 1:30:35]} Nf6 {[%clk 1:30:39]}
4.e5 {[%clk 1:30:53]} Nd5 {[%clk 1:30:59]} 5.Bc4 {[%clk 1:31:11]}
e6 {[%clk 1:28:49]} 6.O-O {[%clk 1:31:24]} d6 {[%clk 1:28:51]}
7.d4 {[%clk 1:31:43]} cxd4 {[%clk 1:28:46]} 8.cxd4 {[%clk 1:32:04]}
Be7 {[%clk 1:28:56]} 9.Qe2 {[%clk 1:32:19]} O-O {[%clk 1:28:29]}
10.Rd1 {[%clk 1:32:35]} Na5 {[%clk 1:26:58]} 11.Bd3 {[%clk 1:32:49]}
Nb4 {[%clk 1:26:03]} 12.Nc3 {[%clk 1:33:00]} Nxd3 {[%clk 1:25:17]}
13.Rxd3 {[%clk 1:33:21]} b6 {[%clk 1:11:46]} 14.Nb5 {[%clk 1:29:48]}
Ba6 {[%clk 1:00:19]} 15.a4 {[%clk 1:29:12]} Rc8 {[%clk 0:56:45]}
16.Ne1 {[%clk 1:20:42]} g6 {[%clk 0:48:55]} 17.Bh6 {[%clk 1:17:34]}
Re8 {[%clk 0:49:14]} 18.Qf3 {[%clk 1:15:46]} Bxb5 {[%clk 0:40:19]}
19.axb5 {[%clk 1:15:13]} dxe5 {[%clk 0:40:41]} 20.dxe5 {[%clk 1:15:26]}
Qc7 {[%clk 0:41:04]} 21.Qe2 {[%clk 0:54:17]} Red8 {[%clk 0:37:12]}
22.Rc3 {[%clk 0:34:07]} Qb7 {[%clk 0:35:22]} 23.Rac1 {[%clk 0:31:19]}
Rxc3 {[%clk 0:26:31]} 24.Rxc3 {[%clk 0:31:22]} Qd7 {[%clk 0:24:37]}
25.Rd3 {[%clk 0:29:20]} Qe8 {[%clk 0:24:54]} 26.Rxd8 {[%clk 0:28:51]}
Qxd8 {[%clk 0:25:10]} 27.Qd3 {[%clk 0:28:34]} Qc8 {[%clk 0:18:02]}
28.Nf3 {[%clk 0:26:01]} Nc4 {[%clk 0:16:35]} 29.b3 {[%clk 0:20:17]}
Na3 {[%clk 0:16:33]} 30.h3 {[%clk 0:16:28]} Nc2 {[%clk 0:09:37]}
31.Qe4 {[%clk 0:13:27]} Nb4 {[%clk 0:07:37]} 32.Nd4 {[%clk 0:13:23]}
Nd5 {[%clk 0:07:21]} 33.Nc6 {[%clk 0:13:09]} Bf8 {[%clk 0:07:42]}
34.Bxf8 {[%clk 0:04:38]} Qxf8 {[%clk 0:08:11]} 35.Qc4 {[%clk 0:03:12]}
Qa3 {[%clk 0:07:50]} 36.g3 {[%clk 0:03:23]} Kg7 {[%clk 0:06:46]}
37.Kg2 {[%clk 0:03:14]} h5 {[%clk 0:06:21]} 38.h4 {[%clk 0:03:28]}
Qa1 {[%clk 0:04:29]} 39.Qd3 {[%clk 0:03:14]} Qa3 {[%clk 0:02:48]}
40.Qc4 {[%clk 0:31:49]} Qb2 {[%clk 0:31:53]} 41.Qd3 {[%clk 0:31:07]}
Qa1 {[%clk 0:24:41]} 42.Nd4 {[%clk 0:29:13]} Qc1 {[%clk 0:20:52]}
43.Nf3 {[%clk 0:26:09]} Qb2 {[%clk 0:18:31]} 44.Nd4 {[%clk 0:24:00]} 1/2-1/2

[Event "Russian Higher League 2021"]
[Site "?"]
[Date "2021.06.27"]
[Round "2.24"]
[White "Dudin, Gleb"]
[Black "Chyndygyr, Tamerlan"]
[Result "1-0"]
[WhiteElo "2439"]
[BlackElo "2121"]
[Annotator ""]
[Source ""]
[Remark ""]

1.c4 {[%clk 1:30:42]} Nf6 {[%clk 1:30:30]} 2.Nf3 {[%clk 1:29:47]}
c5 {[%clk 1:29:26]} 3.Nc3 {[%clk 1:29:32]} Nc6 {[%clk 1:28:06]}
4.e3 {[%clk 1:28:03]} g6 {[%clk 1:18:56]} 5.d4 {[%clk 1:27:04]}
cxd4 {[%clk 1:19:20]} 6.exd4 {[%clk 1:27:28]} d5 {[%clk 1:18:04]}
7.Be2 {[%clk 1:21:13]} Bg7 {[%clk 1:10:55]} 8.O-O {[%clk 1:21:29]}
dxc4 {[%clk 1:07:06]} 9.Bxc4 {[%clk 1:13:32]} O-O {[%clk 1:07:10]}
10.Re1 {[%clk 1:13:30]} Bg4 {[%clk 1:02:24]} 11.d5 {[%clk 1:00:26]}
Na5 {[%clk 1:02:19]} 12.Bf1 {[%clk 0:58:01]} Rc8 {[%clk 1:00:35]}
13.h3 {[%clk 0:57:16]} Bxf3 {[%clk 0:53:35]} 14.Qxf3 {[%clk 0:55:06]}
Nc4 {[%clk 0:52:02]} 15.Bg5 {[%clk 0:45:49]} Nxb2 {[%clk 0:29:15]}
16.Rab1 {[%clk 0:39:59]} Qa5 {[%clk 0:22:46]} 17.Re3 {[%clk 0:31:24]}
Nc4 {[%clk 0:14:30]} 18.Rxe7 {[%clk 0:17:12]} h6 {[%clk 0:05:49]}
19.Rb5 {[%clk 0:05:13]} Qd8 {[%clk 0:01:46]} 20.Bxf6 {[%clk 0:04:03]}
Bxf6 {[%clk 0:00:40]} 21.Qxf6 {[%clk 0:03:41]} Nd6 {[%clk 0:01:02]}
22.Rb4 {[%clk 0:00:46]} Rxc3 {[%clk 0:00:35]} 23.Rg4 {[%clk 0:00:55]}
g5 {[%clk 0:00:32]} 24.Qxh6 {[%clk 0:00:56]} Qxe7 {[%clk 0:00:43]}
25.Rxg5+ {[%clk 0:01:16]} Qxg5 {[%clk 0:01:10]} 26.Qxg5+ {[%clk 0:01:38]}
Kh7 {[%clk 0:01:36]} 27.Qh5+ {[%clk 0:00:52]} Kg8 {[%clk 0:02:00]}
28.Qg5+ {[%clk 0:01:18]} Kh7 {[%clk 0:02:26]} 29.Qf6 {[%clk 0:00:34]}
Rc1 {[%clk 0:01:52]} 30.Qh4+ {[%clk 0:00:48]} Kg6 {[%clk 0:02:17]}
31.Qg4+ {[%clk 0:01:04]} 1-0

[Event "Russian Higher League 2021"]
[Site "?"]
[Date "2021.06.27"]
[Round "2.25"]
[White "Smirnov, Anton"]
[Black "Savitskiy, Sergey"]
[Result "1-0"]
[WhiteElo "2154"]
[BlackElo "2437"]
[Annotator ""]
[Source ""]
[Remark ""]

1.d4 {[%clk 1:30:57]} d5 {[%clk 1:30:37]} 2.c4 {[%clk 1:31:23]}
e6 {[%clk 1:31:02]} 3.Nc3 {[%clk 1:31:49]} Nf6 {[%clk 1:31:26]}
4.cxd5 {[%clk 1:32:16]} Nxd5 {[%clk 1:31:49]} 5.e4 {[%clk 1:32:40]}
Nxc3 {[%clk 1:32:14]} 6.bxc3 {[%clk 1:33:06]} c5 {[%clk 1:32:18]}
7.Nf3 {[%clk 1:33:31]} cxd4 {[%clk 1:27:53]} 8.cxd4 {[%clk 1:33:56]}
Bb4+ {[%clk 1:28:18]} 9.Bd2 {[%clk 1:34:23]} Bxd2+ {[%clk 1:28:42]}
10.Qxd2 {[%clk 1:34:50]} O-O {[%clk 1:29:04]} 11.Bc4 {[%clk 1:35:17]}
Nd7 {[%clk 1:22:42]} 12.O-O {[%clk 1:35:41]} Nf6 {[%clk 1:23:07]}
13.Rfe1 {[%clk 1:34:30]} h6 {[%clk 1:20:23]} 14.Rad1 {[%clk 1:31:37]}
b6 {[%clk 1:13:20]} 15.Qf4 {[%clk 1:07:08]} Bb7 {[%clk 1:12:15]}
16.d5 {[%clk 1:01:09]} exd5 {[%clk 1:11:00]} 17.exd5 {[%clk 1:00:46]}
Rc8 {[%clk 1:10:07]} 18.Rd4 {[%clk 0:50:52]} b5 {[%clk 1:00:00]}
19.Bxb5 {[%clk 0:35:28]} Nxd5 {[%clk 0:59:55]} 20.Qd2 {[%clk 0:35:28]}
Qb6 {[%clk 0:40:39]} 21.Bc4 {[%clk 0:34:19]} Nf6 {[%clk 0:40:00]}
22.Ne5 {[%clk 0:29:37]} Rce8 {[%clk 0:38:56]} 23.Re3 {[%clk 0:25:30]}
Qb1+ {[%clk 0:26:00]} 24.Qd1 {[%clk 0:24:40]} Qxd1+ {[%clk 0:22:46]}
25.Rxd1 {[%clk 0:23:49]} Re7 {[%clk 0:22:44]} 26.Nxf7 {[%clk 0:18:46]}
Rxe3 {[%clk 0:15:21]} 27.fxe3 {[%clk 0:18:28]} Kh7 {[%clk 0:15:46]}
28.Nd6 {[%clk 0:14:23]} Ba8 {[%clk 0:14:37]} 29.Rd4 {[%clk 0:14:23]}
h5 {[%clk 0:10:25]} 30.h3 {[%clk 0:14:34]} g5 {[%clk 0:05:52]}
31.e4 {[%clk 0:13:13]} Nd7 {[%clk 0:04:13]} 32.Nf7 {[%clk 0:13:13]}
Nb6 {[%clk 0:04:19]} 33.Nxg5+ {[%clk 0:12:50]} Kg6 {[%clk 0:04:40]}
34.Nf3 {[%clk 0:13:01]} Nxc4 {[%clk 0:04:08]} 35.Rxc4 {[%clk 0:13:24]}
Re8 {[%clk 0:04:33]} 36.Nd2 {[%clk 0:07:24]} Rd8 {[%clk 0:04:50]}
37.Nb3 {[%clk 0:07:43]} Rd3 {[%clk 0:02:36]} 38.Kf2 {[%clk 0:07:06]}
h4 {[%clk 0:02:57]} 39.Ra4 {[%clk 0:06:29]} Rc3 {[%clk 0:02:38]}
40.Nd2 {[%clk 0:36:28]} Rc2 {[%clk 0:31:25]} 41.Ke3 {[%clk 0:36:42]}
Rc3+ {[%clk 0:30:13]} 42.Kf4 {[%clk 0:36:15]} Rc2 {[%clk 0:29:21]}
43.Nf3 {[%clk 0:36:29]} 1-0

[Event "Russian Higher League 2021"]
[Site "?"]
[Date "2021.06.27"]
[Round "2.26"]
[White "Borisov, Maxim S."]
[Black "Pogosyan, Stefan"]
[Result "0-1"]
[WhiteElo "2051"]
[BlackElo "2413"]
[Annotator ""]
[Source ""]
[Remark ""]

1.d4 {[%clk 1:30:57]} Nf6 {[%clk 1:29:50]} 2.c4 {[%clk 1:31:20]}
d6 {[%clk 1:28:45]} 3.Nf3 {[%clk 1:31:42]} Nbd7 {[%clk 1:27:53]}
4.Nc3 {[%clk 1:31:59]} e5 {[%clk 1:28:17]} 5.e4 {[%clk 1:32:24]}
Be7 {[%clk 1:27:43]} 6.Be2 {[%clk 1:32:40]} O-O {[%clk 1:27:59]}
7.O-O {[%clk 1:33:06]} c6 {[%clk 1:25:34]} 8.Re1 {[%clk 1:32:45]}
a6 {[%clk 1:25:32]} 9.d5 {[%clk 1:27:50]} cxd5 {[%clk 1:25:09]}
10.cxd5 {[%clk 1:28:11]} b5 {[%clk 1:23:55]} 11.Bf1 {[%clk 1:27:01]}
Bb7 {[%clk 1:15:22]} 12.Bd2 {[%clk 1:06:16]} Qb8 {[%clk 0:59:30]}
13.a4 {[%clk 0:58:07]} b4 {[%clk 0:58:55]} 14.Na2 {[%clk 0:57:38]}
a5 {[%clk 0:52:26]} 15.Bg5 {[%clk 0:56:11]} Nc5 {[%clk 0:49:29]}
16.Bxf6 {[%clk 0:54:14]} Bxf6 {[%clk 0:49:53]} 17.Nc1 {[%clk 0:54:38]}
Rc8 {[%clk 0:40:08]} 18.g3 {[%clk 0:45:50]} Qa7 {[%clk 0:34:38]}
19.Nd2 {[%clk 0:39:12]} Ba6 {[%clk 0:33:07]} 20.Bxa6 {[%clk 0:35:13]}
Qxa6 {[%clk 0:33:29]} 21.Ndb3 {[%clk 0:33:15]} Bg5 {[%clk 0:29:43]}
22.Nxc5 {[%clk 0:32:04]} Rxc5 {[%clk 0:30:08]} 23.Nb3 {[%clk 0:29:54]}
Rc4 {[%clk 0:26:34]} 24.h4 {[%clk 0:27:53]} Bh6 {[%clk 0:26:10]}
25.Qd3 {[%clk 0:26:57]} Rac8 {[%clk 0:24:20]} 26.Kg2 {[%clk 0:27:10]}
g6 {[%clk 0:15:33]} 27.Re2 {[%clk 0:26:57]} R4c6 {[%clk 0:14:13]}
28.Qb5 {[%clk 0:25:21]} Rb6 {[%clk 0:14:20]} 29.Qxa6 {[%clk 0:25:28]}
Rxa6 {[%clk 0:14:45]} 30.Rf1 {[%clk 0:24:35]} Rc4 {[%clk 0:11:30]}
31.f3 {[%clk 0:23:21]} Ra7 {[%clk 0:07:00]} 32.Rff2 {[%clk 0:23:26]}
Rcc7 {[%clk 0:04:34]} 33.Rc2 {[%clk 0:16:39]} Be3 {[%clk 0:05:00]}
34.Rfe2 {[%clk 0:17:06]} Bb6 {[%clk 0:05:24]} 35.f4 {[%clk 0:17:06]}
exf4 {[%clk 0:04:07]} 36.gxf4 {[%clk 0:17:29]} Kf8 {[%clk 0:04:29]}
37.Kf3 {[%clk 0:16:42]} h5 {[%clk 0:03:52]} 38.e5 {[%clk 0:16:14]}
Ke7 {[%clk 0:04:03]} 39.Ke4 {[%clk 0:16:25]} Kd7 {[%clk 0:02:53]}
40.Rg2 {[%clk 0:41:04]} Ke7 {[%clk 0:31:12]} 41.Kd3 {[%clk 0:30:11]}
Rxc2 {[%clk 0:20:08]} 42.Rxc2 {[%clk 0:30:33]} Rc7 {[%clk 0:20:33]}
43.Re2 {[%clk 0:30:52]} Rc8 {[%clk 0:19:05]} 44.e6 {[%clk 0:29:19]}
Kf8 {[%clk 0:12:38]} 45.exf7 {[%clk 0:27:45]} Kxf7 {[%clk 0:13:00]}
46.Re6 {[%clk 0:27:41]} Bd8 {[%clk 0:10:23]} 47.Rxd6 {[%clk 0:21:54]}
Bxh4 {[%clk 0:10:38]} 48.Rd7+ {[%clk 0:22:16]} Kf6 {[%clk 0:10:26]}
49.Nxa5 {[%clk 0:16:45]} Bg3 {[%clk 0:09:07]} 50.Nc6 {[%clk 0:10:32]}
Bxf4 {[%clk 0:09:13]} 51.a5 {[%clk 0:10:42]} h4 {[%clk 0:07:52]}
52.Rh7 {[%clk 0:11:03]} g5 {[%clk 0:06:00]} 53.a6 {[%clk 0:08:47]}
Kg6 {[%clk 0:04:53]} 54.Ne7+ {[%clk 0:03:45]} Kxh7 {[%clk 0:05:18]}
55.Nxc8 {[%clk 0:04:10]} h3 {[%clk 0:05:44]} 56.a7 {[%clk 0:04:30]}
h2 {[%clk 0:06:08]} 57.a8Q {[%clk 0:04:52]} h1Q {[%clk 0:06:34]}
58.Qb7+ {[%clk 0:05:03]} Kh6 {[%clk 0:06:21]} 59.Ne7 {[%clk 0:02:57]}
Qb1+ {[%clk 0:05:15]} 60.Kc4 {[%clk 0:02:37]} Qxb2 {[%clk 0:05:09]}
61.Qc6+ {[%clk 0:01:42]} Kh5 {[%clk 0:05:14]} 62.Qg6+ {[%clk 0:01:41]}
Kg4 {[%clk 0:04:52]} 63.Qe6+ {[%clk 0:01:42]} Kf3 {[%clk 0:04:26]}
64.Ng6 {[%clk 0:01:01]} Qc3+ {[%clk 0:02:11]} 65.Kb5 {[%clk 0:01:25]}
b3 {[%clk 0:01:38]} 66.Qh3+ {[%clk 0:01:34]} Bg3 {[%clk 0:01:56]}
67.Qh5+ {[%clk 0:00:40]} Kf2 {[%clk 0:01:47]} 68.Qxg5 {[%clk 0:00:48]}
b2 {[%clk 0:02:02]} 69.Qf5+ {[%clk 0:01:07]} Kg1 {[%clk 0:02:18]}
70.Qb1+ {[%clk 0:00:52]} Qc1 {[%clk 0:02:41]} 0-1